Présentation (notice n° 1738770)

détails MARC
000 -LEADER
fixed length control field 02134cam a2200169 4500500
005 - DATE AND TIME OF LATEST TRANSACTION
control field 20260322004240.0
041 ## - LANGUAGE CODE
Language code of text/sound track or separate title fre
042 ## - AUTHENTICATION CODE
Authentication code dc
100 10 - MAIN ENTRY--PERSONAL NAME
Personal name Struczyk, Stanislas
Relator term author
245 00 - TITLE STATEMENT
Title Présentation
260 ## - PUBLICATION, DISTRIBUTION, ETC.
Date of publication, distribution, etc. 2009.<br/>
500 ## - GENERAL NOTE
General note 17
520 ## - SUMMARY, ETC.
Summary, etc. Dix neuf mois après la seconde guerre mondiale est mise en place le 9 Décembre 1946 une juridiction internationale à NUREMBERG : « le Medical Case » ou procès des médecins accusés d’avoir participé au génocide. Le monde entier est encore sous le choc de l’ampleur de la gravité des crimes perpétrés par les nazis, et prend conscience de l’horreur de la Shoah. L’accusation met en évidence la dimension particulièrement atroce des expérimentations médicales réalisées sur des êtres humains dans les camps de concentration. Ce qui se joue dans ce procès dépasse largement les actions criminelles de quelques médecins dévoyés. Il s’agit du fondement même du nazisme et de sa prétention à ériger un autre code de comportement que celui que les hommes ont finalement privilégié, au moins à titre d’horizon souhaitable. Au-delà d’une prise de conscience de la nature des actes commis sur les déportés et des dérives induites par une conception dénaturée de la science, les quatre juges du tribunal militaire américain estiment indispensable d’élaborer un code de droit international permettant de qualifier les bonnes pratiques de la recherche menée sur l’homme. Le code de Nuremberg, adopté en août 1947, repris par la suite dans la déclaration d’Helsinki, constitue l’acte fondateur de l’éthique médicale moderne [1]. Ce code, dont la portée historique est fondamentale sur le plan juridique et médical, définit la légitimité des expériences médicales et le statut des personnes participant à une expérimentation. Il annonce ainsi la naissance de la bioéthique médicale.
700 10 - ADDED ENTRY--PERSONAL NAME
Personal name Bourgeois, Didier
Relator term author
786 0# - DATA SOURCE ENTRY
Note Psy Cause | 54 | 2 | 2009-01-06 | p. 36-36 | 1245-2394
856 41 - ELECTRONIC LOCATION AND ACCESS
Uniform Resource Identifier <a href="https://shs.cairn.info/revue-psy-cause-2009-2-page-36?lang=fr&redirect-ssocas=7080">https://shs.cairn.info/revue-psy-cause-2009-2-page-36?lang=fr&redirect-ssocas=7080</a>

Pas d'exemplaire disponible.

PLUDOC

PLUDOC est la plateforme unique et centralisée de gestion des bibliothèques physiques et numériques de Guinée administré par le CEDUST. Elle est la plus grande base de données de ressources documentaires pour les Étudiants, Enseignants chercheurs et Chercheurs de Guinée.

Adresse

627 919 101/664 919 101

25 boulevard du commerce
Kaloum, Conakry, Guinée

Réseaux sociaux

Powered by Netsen Group @ 2025